000 01625nam a2200337 a 4500
999 _c1627
_d1627
001 1630181
003 CoMeUDC
005 20230127112911.0
008 191007s2018 cl gr 000 0 spa d
020 _a9789563922295
040 _aCO-BoBLA
_bspa
_cCO-UdeC
082 0 4 _a346.02
_bC776
100 1 _aCooper, H. Highess Anthony.
245 1 0 _aDiez ensayos sobre el "Common Law" /
_cH.H.A. Cooper.
250 _aEdición al cuidado de Carlos Antonio Agurto Gonzáles, Sonia Lidia Quequejana Mamani, Benigno Choque Cuenca.
260 _aSantiago de Chile :
_bEdiciones Olejnik ;
_aBogotá :
_bGrupo Editorial Ibañéz,
_c2018.
300 _a171 p. ;
_c23 cm.
490 0 _aBiblioteca de derecho comparado
504 _aIncluye referencias bibliográficas.
505 _aPrólogo -- Introducción -- El "Common Law" y sus significados -- La jurisprudencia inglesa -- La abogacía inglesa -- El juez del "Common Law" -- La enseñanza del derecho en Inglaterra -- Las garantías constitucionales en el derecho inglés -- La legislación delegada en Inglaterra -- "Mens Rea" -- El acto ilítico o "Tort" de la "Negligence" en el "Common Law" -- El efecto del error en el derecho contractual -- Bibliografía
546 _aEspañol.
650 4 _aCommon law.
650 4 _aDerecho angloamericano.
650 4 _aDerecho ingles.
650 _aDerecho consuetudinario.
651 4 _aInglaterra
_x Derecho constitucional.
700 _aAgurto Gonzáles, Carlos Antonio
_eeditor.
_92218
700 1 _aQuequejana Mamani, Sonia Lidia,
_eeditora.
700 1 _aChoque Cuenca, Benigno,
_eeditor.
942 _2ddc
_cBK